[Event "Montcalm-ch"]
[Site "Quebec CAN"]
[Date "2017.04.27"]
[Round "1"]
[White "Lessard, Claude"]
[Black "Lamontagne, Danny"]
[Result "1-0"]
[WhiteElo "2123"]
[BlackElo "1855"]
[WhiteFideId "-1"]
[WhiteFideId "-1"]
[PlyCount "57"]
[GameId "2160767908411735"]
[EventDate "2017.04.27"]
[EventType "tourn"]
[EventRounds "5"]
[EventCountry "CAN"]
[SourceTitle "EXT 2022"]
[Source "ChessBase"]
[SourceDate "2021.10.06"]
[SourceVersion "1"]
[SourceVersionDate "2021.10.06"]
[SourceQuality "1"]

1. Nf3 Nf6 2. g3 g6 3. Bg2 Bg7 4. d4 O-O 5. O-O d5 6. c4 c6 7. cxd5 cxd5 8. Nc3 Nc6 9. Ne5 Nxe5 10. dxe5 Ng4 11. Qxd5 Nxe5 12. Qc5 Nd7 13. Qb4 Nb6 14. Bg5 f6 15. Be3 Be6 16. Rfd1 Qc7 17. Nb5 Qc4 18. Qa5 Bf7 19. b3 Qxe2 20. Nd4 Qg4 21. Bxb7 Rad8 22. Bf3 Qc8 23. Nc6 Rxd1+ 24. Rxd1 Qb7 25. Qxa7 Qxa7 26. Nxa7 Nc8 27. Rd7 e5 28. Nb5 Ne7 29. Rxe7 1-0

[Event "Montcalm-ch"]
[Site "Quebec CAN"]
[Date "2017.05.04"]
[Round "2"]
[White "Cournoyer, Dominic"]
[Black "Dube, Daniel"]
[Result "0-1"]
[WhiteElo "1977"]
[BlackElo "1950"]
[WhiteFideId "-1"]
[WhiteFideId "-1"]
[PlyCount "68"]
[GameId "2160767908411736"]
[EventDate "2017.04.27"]
[EventType "tourn"]
[EventRounds "5"]
[EventCountry "CAN"]
[SourceTitle "EXT 2022"]
[Source "ChessBase"]
[SourceDate "2021.10.06"]
[SourceVersion "1"]
[SourceVersionDate "2021.10.06"]
[SourceQuality "1"]

1. c4 e5 2. Nc3 Nf6 3. Nf3 Nc6 4. d4 e4 5. Ng5 Bb4 6. g3 h6 7. Nh3 O-O 8. Bg2 d5 9. c5 Bf5 10. e3 Bg4 11. Qc2 Qd7 12. Nf4 g5 13. Nfe2 Bf3 14. Bxf3 exf3 15. Ng1 Qg4 16. Bd2 Bxc3 17. Bxc3 Qe4 18. Qd1 g4 19. h3 h5 20. hxg4 hxg4 21. Qb3 Rab8 22. Rh4 Ne7 23. O-O-O Nf5 24. Rh2 Kg7 25. Ba5 b6 26. cxb6 cxb6 27. Bb4 Rfc8+ 28. Bc3 b5 29. Nxf3 gxf3 30. Rdh1 b4 31. Qa4 bxc3 32. b3 Rh8 33. Qxa7 Rxh2 34. Rxh2 Qd3 0-1

[Event "Montcalm-ch"]
[Site "Quebec CAN"]
[Date "2017.05.04"]
[Round "2"]
[White "Lamontagne, Danny"]
[Black "Pare, Marc"]
[Result "1-0"]
[WhiteElo "1855"]
[BlackElo "2034"]
[WhiteFideId "-1"]
[WhiteFideId "-1"]
[PlyCount "77"]
[GameId "2160767908411737"]
[EventDate "2017.04.27"]
[EventType "tourn"]
[EventRounds "5"]
[EventCountry "CAN"]
[SourceTitle "EXT 2022"]
[Source "ChessBase"]
[SourceDate "2021.10.06"]
[SourceVersion "1"]
[SourceVersionDate "2021.10.06"]
[SourceQuality "1"]

1. e4 d5 2. exd5 Nf6 3. d4 Nxd5 4. Be2 g6 5. Nf3 Bg7 6. O-O O-O 7. Re1 Nc6 8. c4 Nb6 9. c5 Nd5 10. Bc4 Bg4 11. Nc3 Bxf3 12. Qxf3 Ndb4 13. Bg5 Nc2 14. Nd5 Nxa1 15. Rxa1 h6 16. Bh4 Nxd4 17. Qe4 Qd7 18. Nxe7+ Kh7 19. Bxf7 Rxf7 20. Qxg6+ Kh8 21. Qxf7 Qe6 22. Qh5 Ne2+ 23. Kf1 Nf4 24. Qf5 Qc4+ 25. Kg1 Rf8 26. Qd7 Bxb2 27. Re1 Bc3 28. Bf6+ Bxf6 29. Nf5 Rf7 30. Qe8+ Kh7 31. g3 Nh3+ 32. Kg2 Ng5 33. Rd1 Qc2 34. Rd7 Rxd7 35. Qxd7+ Kg6 36. Nh4+ Kh5 37. Qe8+ Nf7 38. Qxf7+ Kg5 39. Qd5+ 1-0

[Event "Montcalm-ch"]
[Site "Quebec CAN"]
[Date "2017.05.04"]
[Round "2"]
[White "Lessard, Claude"]
[Black "Dube, Dominic"]
[Result "1-0"]
[WhiteElo "2123"]
[BlackElo "1859"]
[WhiteFideId "-1"]
[WhiteFideId "-1"]
[PlyCount "71"]
[GameId "2160767908411738"]
[EventDate "2017.04.27"]
[EventType "tourn"]
[EventRounds "5"]
[EventCountry "CAN"]
[SourceTitle "EXT 2022"]
[Source "ChessBase"]
[SourceDate "2021.10.06"]
[SourceVersion "1"]
[SourceVersionDate "2021.10.06"]
[SourceQuality "1"]

1. d4 c6 2. Nf3 d5 3. g3 Bg4 4. Ne5 Bf5 5. Bg2 Nd7 6. O-O e6 7. c4 Bd6 8. Nxd7 Qxd7 9. Nc3 b6 10. e4 dxe4 11. Nxe4 Bxe4 12. Bxe4 Nf6 13. Bc2 Qc7 14. Qf3 O-O 15. Bg5 Be7 16. Qd3 g6 17. Qf3 Qd8 18. Rad1 Rc8 19. Rfe1 Nh5 20. Bh6 Re8 21. d5 exd5 22. cxd5 Bf8 23. Bxf8 Rxe1+ 24. Rxe1 cxd5 25. Bb4 Rxc2 26. Re7 f6 27. Qe3 Ng7 28. Qh6 Qf8 29. Rxa7 Rc5 30. Rd7 d4 31. Bxc5 bxc5 32. a4 Kh8 33. Qxg7+ Qxg7 34. Rxg7 Kxg7 35. a5 c4 36. Kf1 1-0

[Event "Montcalm-ch"]
[Site "Quebec CAN"]
[Date "2017.05.11"]
[Round "3"]
[White "Dube, Daniel"]
[Black "Lessard, Claude"]
[Result "1/2-1/2"]
[WhiteElo "1950"]
[BlackElo "2123"]
[WhiteFideId "-1"]
[WhiteFideId "-1"]
[PlyCount "119"]
[GameId "2160767908411739"]
[EventDate "2017.04.27"]
[EventType "tourn"]
[EventRounds "5"]
[EventCountry "CAN"]
[SourceTitle "EXT 2022"]
[Source "ChessBase"]
[SourceDate "2021.10.06"]
[SourceVersion "1"]
[SourceVersionDate "2021.10.06"]
[SourceQuality "1"]

1. e4 c6 2. d4 d5 3. e5 c5 4. dxc5 e6 5. a3 Bxc5 6. b4 Bb6 7. Nf3 Nc6 8. Bb2 Nh6 9. Bd3 Nf5 10. O-O a5 11. b5 Nce7 12. a4 Ng6 13. c4 dxc4 14. Bxc4 O-O 15. Qb3 Bc5 16. Nbd2 b6 17. Ne4 Bb4 18. Rfd1 Qe7 19. Ba3 Bb7 20. Bxb4 Qxb4 21. Re1 Qxb3 22. Bxb3 Rfd8 23. Bc4 Rac8 24. Bf1 Rc2 25. Ned2 Rdxd2 26. Nxd2 Rxd2 27. g3 Nd4 28. Bg2 Nf3+ 29. Bxf3 Bxf3 30. Re3 Bd5 31. Rc3 h5 32. Rc8+ Kh7 33. Rb8 Nxe5 34. Rxb6 Nf3+ 35. Kf1 Nxh2+ 36. Ke1 Nf3+ 37. Kf1 Bc4+ 38. Kg2 Ng5 39. Ra6 Ne4 40. Rxa5 Bd5 41. b6 Rb2 42. Rxd5 exd5 43. a5 Nc5 44. a6 Nxa6 45. Rxa6 Rb5 46. Kf3 g5 47. Ra7 Rxb6 48. Rxf7+ Kg6 49. Rd7 Rb3+ 50. Kg2 Rd3 51. Rd6+ Kf5 52. Rh6 Ra3 53. Rxh5 Kg6 54. Rh8 g4 55. Rg8+ Kf5 56. Rf8+ Ke5 57. Kf1 Ra2 58. Rf4 Ra1+ 59. Ke2 Ra2+ 60. Kd3 1/2-1/2

[Event "Montcalm-ch"]
[Site "Quebec CAN"]
[Date "2017.05.11"]
[Round "3"]
[White "Dube, Dominic"]
[Black "Lamontagne, Danny"]
[Result "0-1"]
[WhiteElo "1859"]
[BlackElo "1855"]
[WhiteFideId "-1"]
[WhiteFideId "-1"]
[PlyCount "86"]
[GameId "2160767908411740"]
[EventDate "2017.04.27"]
[EventType "tourn"]
[EventRounds "5"]
[EventCountry "CAN"]
[SourceTitle "EXT 2022"]
[Source "ChessBase"]
[SourceDate "2021.10.06"]
[SourceVersion "1"]
[SourceVersionDate "2021.10.06"]
[SourceQuality "1"]

1. e4 c5 2. Nf3 g6 3. d4 cxd4 4. Nxd4 Nc6 5. Be3 Nf6 6. Nd2 Bg7 7. c3 O-O 8. Be2 d5 9. Nxc6 bxc6 10. e5 Ne8 11. f4 f6 12. exf6 Bxf6 13. O-O Nd6 14. Nf3 Nf5 15. Bf2 Rb8 16. Qd2 Qc7 17. g4 Nd6 18. g5 Ne4 19. Qc1 Nxf2 20. Rxf2 Bg7 21. Nh4 Qb6 22. Bd3 e5 23. Kg2 e4 24. Bc2 Bg4 25. Bb3 Kh8 26. Kg3 Rbe8 27. Rc2 Bc8 28. Ng2 Be5 29. Re2 Qc7 30. Qe3 Rf7 31. Rc2 Qd7 32. Rd2 Bxf4+ 33. Nxf4 Qg4+ 34. Kf2 Rxf4+ 35. Ke1 Ref8 36. Qd4+ Kg8 37. Rdd1 Rf1+ 38. Kd2 Qxg5+ 39. Kc2 Rxd1 40. Rxd1 e3 41. Kb1 e2 42. c4 exd1=Q+ 43. Qxd1 Qf5+ 0-1

[Event "Montcalm-ch"]
[Site "Quebec CAN"]
[Date "2017.05.11"]
[Round "3"]
[White "Pare, Marc"]
[Black "Cournoyer, Dominic"]
[Result "0-1"]
[WhiteElo "2034"]
[BlackElo "1977"]
[WhiteFideId "-1"]
[WhiteFideId "-1"]
[PlyCount "70"]
[GameId "2160767908411741"]
[EventDate "2017.04.27"]
[EventType "tourn"]
[EventRounds "5"]
[EventCountry "CAN"]
[SourceTitle "EXT 2022"]
[Source "ChessBase"]
[SourceDate "2021.10.06"]
[SourceVersion "1"]
[SourceVersionDate "2021.10.06"]
[SourceQuality "1"]

1. e4 d5 2. exd5 Qxd5 3. d4 c5 4. c3 Nf6 5. Nf3 cxd4 6. cxd4 Bg4 7. Be2 e6 8. Nc3 Qd8 9. Qb3 Qb6 10. Bb5+ Nc6 11. Ne5 Rc8 12. O-O Bd6 13. Nxg4 Nxg4 14. d5 Bxh2+ 15. Kh1 exd5 16. Nxd5 Qd8 17. g3 O-O 18. Bxc6 Rxc6 19. Kg2 Bxg3 20. fxg3 Re8 21. Nc3 Rce6 22. Bf4 h5 23. Rad1 Qe7 24. Qb5 g6 25. Rd7 Qf8 26. Bc1 a6 27. Qd5 Rf6 28. Rd1 Rf5 29. Qd4 Rf2+ 30. Kg1 Rf3 31. Bf4 g5 32. Bd6 Qh6 33. Ne4 Qg6 34. Nc3 Qc2 35. Qd2 Re1+ 0-1

[Event "Montcalm-ch"]
[Site "Quebec CAN"]
[Date "2017.05.18"]
[Round "4"]
[White "Lamontagne, Danny"]
[Black "Cournoyer, Dominic"]
[Result "1/2-1/2"]
[WhiteElo "1855"]
[BlackElo "1977"]
[WhiteFideId "-1"]
[WhiteFideId "-1"]
[PlyCount "75"]
[GameId "2160767908411743"]
[EventDate "2017.04.27"]
[EventType "tourn"]
[EventRounds "5"]
[EventCountry "CAN"]
[SourceTitle "EXT 2022"]
[Source "ChessBase"]
[SourceDate "2021.10.06"]
[SourceVersion "1"]
[SourceVersionDate "2021.10.06"]
[SourceQuality "1"]

1. e4 d5 2. exd5 Nf6 3. d4 c6 4. Nf3 cxd5 5. h3 Nc6 6. c3 Bf5 7. Bd3 Bxd3 8. Qxd3 e6 9. Bf4 Qb6 10. O-O Be7 11. Nbd2 h6 12. Rfe1 O-O 13. Ne5 Rac8 14. Rab1 Qd8 15. Qb5 Qb6 16. Qxb6 axb6 17. a3 Na5 18. g4 b5 19. f3 Nc4 20. Nb3 b6 21. Re2 Na5 22. Nc1 Rfd8 23. Ncd3 Nd7 24. Rbe1 Nxe5 25. Nxe5 Nc4 26. Kg2 Nxe5 27. Bxe5 Rd7 28. Bg3 g6 29. f4 Kf8 30. Rf1 Rc6 31. Ref2 f5 32. Re2 Kf7 33. Kf3 Bf6 34. Rg1 Rd8 35. Be1 Be7 36. Bd2 Rg8 37. Reg2 Bd8 38. Bc1 1/2-1/2

[Event "Montcalm-ch"]
[Site "Quebec CAN"]
[Date "2017.05.18"]
[Round "4"]
[White "Lessard, Claude"]
[Black "Pare, Marc"]
[Result "1-0"]
[WhiteElo "2123"]
[BlackElo "2034"]
[WhiteFideId "-1"]
[WhiteFideId "-1"]
[PlyCount "51"]
[GameId "2160767908411744"]
[EventDate "2017.04.27"]
[EventType "tourn"]
[EventRounds "5"]
[EventCountry "CAN"]
[SourceTitle "EXT 2022"]
[Source "ChessBase"]
[SourceDate "2021.10.06"]
[SourceVersion "1"]
[SourceVersionDate "2021.10.06"]
[SourceQuality "1"]

1. e4 c5 2. Nf3 e6 3. d4 cxd4 4. Nxd4 a6 5. a4 d6 6. Nc3 Ne7 7. Bd3 Nbc6 8. Nb3 b6 9. O-O Bb7 10. f4 g6 11. f5 gxf5 12. exf5 Ne5 13. fxe6 fxe6 14. Qh5+ Kd7 15. Be4 Qc7 16. Nd4 d5 17. Bf4 Bg7 18. Qh3 Nf3+ 19. Nxf3 Qxf4 20. Bd3 Nf5 21. Bxf5 Qxf5 22. Qh4 Raf8 23. Qb4 Bc6 24. Rae1 Qxc2 25. Qxb6 Qd3 26. Qa7+ 1-0

[Event "Montcalm-ch"]
[Site "Quebec CAN"]
[Date "2017.05.25"]
[Round "5"]
[White "Cournoyer, Dominic"]
[Black "Lessard, Claude"]
[Result "0-1"]
[WhiteElo "1977"]
[BlackElo "2123"]
[WhiteFideId "-1"]
[WhiteFideId "-1"]
[PlyCount "56"]
[GameId "2160767908411745"]
[EventDate "2017.04.27"]
[EventType "tourn"]
[EventRounds "5"]
[EventCountry "CAN"]
[SourceTitle "EXT 2022"]
[Source "ChessBase"]
[SourceDate "2021.10.06"]
[SourceVersion "1"]
[SourceVersionDate "2021.10.06"]
[SourceQuality "1"]

1. Nf3 d6 2. d4 Nf6 3. g3 g6 4. Bg2 Bg7 5. O-O O-O 6. c3 Nbd7 7. Nbd2 e5 8. dxe5 dxe5 9. Nc4 Qe7 10. Qc2 Rb8 11. b3 e4 12. Ba3 c5 13. Ng5 b5 14. Na5 Rb6 15. Nxe4 Nxe4 16. Bxe4 b4 17. cxb4 cxb4 18. Nc6 Rxc6 19. Qxc6 Bxa1 20. Bxb4 Qxb4 21. Rxa1 Nc5 22. Bg2 Bb7 23. Qc7 Bxg2 24. Kxg2 Qe4+ 25. Kg1 Ne6 26. Qxa7 Nd4 27. Rd1 Nxe2+ 28. Kf1 Nc3 0-1

[Event "Montcalm-ch"]
[Site "Quebec CAN"]
[Date "2017.05.25"]
[Round "5"]
[White "Dube, Daniel"]
[Black "Lamontagne, Danny"]
[Result "1-0"]
[WhiteElo "1950"]
[BlackElo "1855"]
[WhiteFideId "-1"]
[WhiteFideId "-1"]
[PlyCount "94"]
[GameId "2160767908411746"]
[EventDate "2017.04.27"]
[EventType "tourn"]
[EventRounds "5"]
[EventCountry "CAN"]
[SourceTitle "EXT 2022"]
[Source "ChessBase"]
[SourceDate "2021.10.06"]
[SourceVersion "1"]
[SourceVersionDate "2021.10.06"]
[SourceQuality "1"]

1. e4 c6 2. Nc3 d5 3. Qf3 dxe4 4. Nxe4 Nd7 5. d4 Ndf6 6. Bd3 Qxd4 7. Ne2 Qe5 8. h3 Nxe4 9. Bxe4 Bd7 10. Bf4 Qa5+ 11. Bd2 Qc7 12. O-O Nf6 13. Bf4 e5 14. Bg3 Nxe4 15. Qxe4 Bd6 16. Rfd1 O-O-O 17. c4 f5 18. Qc2 f4 19. Bh2 f3 20. Nc3 fxg2 21. Ne4 Be7 22. Qc3 Bf5 23. Bxe5 Qb6 24. c5 Qa6 25. Nd6+ Bxd6 26. Bxd6 Rhe8 27. Re1 Qd3 28. Qxg7 Qf1+ 29. Rxf1 gxf1=Q+ 30. Kxf1 Bxh3+ 31. Kg1 Rg8 32. Qxg8 Rxg8+ 33. Kh2 Be6 34. f4 Kd7 35. Re1 Rg7 36. a3 h5 37. Re5 h4 38. f5 Bd5 39. f6 Rf7 40. Be7 Be6 41. Rh5 h3 42. Rh8 Rxe7 43. fxe7 Kxe7 44. Rb8 Bd7 45. Rxb7 Ke6 46. Rxa7 Bc8 47. Rc7 Bd7 1-0

[Event "Montcalm-ch"]
[Site "Quebec CAN"]
[Date "2017.05.25"]
[Round "5"]
[White "Pare, Marc"]
[Black "Dube, Dominic"]
[Result "1-0"]
[WhiteElo "2034"]
[BlackElo "1859"]
[WhiteFideId "-1"]
[WhiteFideId "-1"]
[PlyCount "93"]
[GameId "2160767908411747"]
[EventDate "2017.04.27"]
[EventType "tourn"]
[EventRounds "5"]
[EventCountry "CAN"]
[SourceTitle "EXT 2022"]
[Source "ChessBase"]
[SourceDate "2021.10.06"]
[SourceVersion "1"]
[SourceVersionDate "2021.10.06"]
[SourceQuality "1"]

1. e4 c6 2. d4 d5 3. e5 Bf5 4. Ne2 e6 5. Ng3 Bg6 6. h4 h6 7. h5 Bh7 8. Bd3 Bxd3 9. Qxd3 Nd7 10. c3 c5 11. Nd2 Ne7 12. Nf3 Qc7 13. Be3 Nc6 14. O-O Be7 15. Nh2 c4 16. Qc2 O-O-O 17. b3 Nb6 18. f4 f5 19. Nf3 Rdg8 20. Nd2 Bh4 21. Rf3 g5 22. hxg6 Rg7 23. bxc4 dxc4 24. Rb1 Rhg8 25. Nxf5 exf5 26. Qxf5+ Kb8 27. Qh3 Rxg6 28. Qxh4 Rxg2+ 29. Kf1 Nd5 30. Bf2 Qa5 31. Qh3 Qxa2 32. Qd7 Nb6 33. Qd6+ Ka8 34. Ke2 Na5 35. Qb4 Nb3 36. Rxb3 cxb3 37. Qxb3 Qa1 38. f5 Qa5 39. f6 Nd5 40. c4 Nc7 41. f7 Rf8 42. d5 Qa6 43. Qb4 Rb8 44. f8=Q Nxd5 45. Qbd6 Qxd6 46. Qxd6 Nb6 47. Rf8 1-0

[Event "Montreal CC-ch"]
[Site "Montreal CAN"]
[Date "2017.06.09"]
[Round "1.2"]
[White "Yu, Zong Yang"]
[Black "Charette, Nicolas"]
[Result "1-0"]
[WhiteElo "2463"]
[BlackElo "1571"]
[WhiteFideId "-1"]
[WhiteFideId "-1"]
[PlyCount "63"]
[GameId "2160767908411168"]
[EventDate "2017.06.09"]
[EventType "swiss"]
[EventRounds "5"]
[EventCountry "CAN"]
[SourceTitle "EXT 2022"]
[Source "ChessBase"]
[SourceDate "2021.10.06"]
[SourceVersion "1"]
[SourceVersionDate "2021.10.06"]
[SourceQuality "1"]

1. d4 Nf6 2. c4 c5 3. d5 e6 4. Nc3 exd5 5. cxd5 d6 6. Nf3 g6 7. h3 Bg7 8. e4 O-O 9. Bd3 b5 10. Nxb5 Nxe4 11. O-O a6 12. Na3 Re8 13. Re1 Nf6 14. Rxe8+ Qxe8 15. Nc4 Bd7 16. Nxd6 Qe7 17. Bf4 Nxd5 18. Be4 Nxf4 19. Bxa8 Ne2+ 20. Kh1 Bxb2 21. Rb1 Nc3 22. Qb3 Qxd6 23. Rxb2 Nb5 24. Bd5 Qf4 25. a4 c4 26. Bxc4 Nc6 27. axb5 Na5 28. Bxf7+ Qxf7 29. Qxf7+ Kxf7 30. Ne5+ Ke7 31. Nxd7 Kxd7 32. bxa6 1-0

[Event "Montreal CC-ch"]
[Site "Montreal CAN"]
[Date "2017.06.09"]
[Round "1.3"]
[White "Neron, Raynald"]
[Black "Leveille, Francois"]
[Result "0-1"]
[WhiteElo "1543"]
[BlackElo "2310"]
[WhiteFideId "-1"]
[WhiteFideId "-1"]
[PlyCount "68"]
[GameId "2160767908411169"]
[EventDate "2017.06.09"]
[EventType "swiss"]
[EventRounds "5"]
[EventCountry "CAN"]
[SourceTitle "EXT 2022"]
[Source "ChessBase"]
[SourceDate "2021.10.06"]
[SourceVersion "1"]
[SourceVersionDate "2021.10.06"]
[SourceQuality "1"]

1. e4 c5 2. Nf3 Nc6 3. d4 cxd4 4. Nxd4 e5 5. Nb5 d6 6. N1c3 a6 7. Na3 Be7 8. Be2 Nf6 9. Nc4 b5 10. Nd2 O-O 11. O-O Be6 12. Re1 Nd4 13. Bd3 Bg4 14. Ne2 d5 15. c3 Ne6 16. exd5 Qxd5 17. Qc2 Nc5 18. Bf5 Bxf5 19. Qxf5 Nd3 20. c4 bxc4 21. Nc3 Qd4 22. Re3 Rad8 23. Nf3 Qg4 24. Qg5 Bc5 25. Re4 Qxg5 26. Bxg5 Nxe4 27. Nxe4 f6 28. Nxc5 Nxc5 29. Be3 Nd3 30. Rb1 Rb8 31. b4 Rxb4 32. Rxb4 Nxb4 33. Nd2 c3 34. Nb3 Nxa2 0-1

[Event "Montreal CC-ch"]
[Site "Montreal CAN"]
[Date "2017.06.09"]
[Round "1.6"]
[White "Lopez Linares, Lizandro"]
[Black "Raduica, Gheorghe"]
[Result "1-0"]
[WhiteElo "2231"]
[BlackElo "1503"]
[WhiteFideId "-1"]
[WhiteFideId "-1"]
[PlyCount "61"]
[GameId "2160767908411172"]
[EventDate "2017.06.09"]
[EventType "swiss"]
[EventRounds "5"]
[EventCountry "CAN"]
[SourceTitle "EXT 2022"]
[Source "ChessBase"]
[SourceDate "2021.10.06"]
[SourceVersion "1"]
[SourceVersionDate "2021.10.06"]
[SourceQuality "1"]

1. d4 d6 2. Nf3 Nf6 3. c4 c6 4. Nc3 Bg4 5. Qc2 g6 6. h3 Bf5 7. e4 Be6 8. Be3 Bg7 9. Be2 Qc7 10. O-O Na6 11. Bf4 Nh5 12. Bh2 f5 13. Ng5 Bd7 14. Bxh5 gxh5 15. c5 h6 16. Nf3 Rf8 17. cxd6 exd6 18. e5 O-O-O 19. exd6 Qb6 20. Nd5 Qb5 21. Ne7+ Kb8 22. Rfe1 Nb4 23. Qb3 a5 24. Ne5 Ka8 25. a3 Na6 26. Qc2 Qb6 27. b4 Qxd4 28. Rad1 Qb6 29. Nc4 Qb5 30. bxa5 c5 31. Rb1 1-0

[Event "Montreal CC-ch"]
[Site "Montreal CAN"]
[Date "2017.06.09"]
[Round "1.7"]
[White "Democri, Radin"]
[Black "Ouellet, Maili-Jade"]
[Result "0-1"]
[WhiteElo "1493"]
[BlackElo "2194"]
[WhiteFideId "-1"]
[WhiteFideId "-1"]
[PlyCount "66"]
[GameId "2160767908411173"]
[EventDate "2017.06.09"]
[EventType "swiss"]
[EventRounds "5"]
[EventCountry "CAN"]
[SourceTitle "EXT 2022"]
[Source "ChessBase"]
[SourceDate "2021.10.06"]
[SourceVersion "1"]
[SourceVersionDate "2021.10.06"]
[SourceQuality "1"]

1. Nf3 d5 2. b3 Nf6 3. Bb2 e6 4. g3 Be7 5. Bg2 O-O 6. O-O c5 7. d3 b6 8. Nbd2 Bb7 9. Re1 Nc6 10. e4 d4 11. a4 Qc7 12. Rc1 Rad8 13. Nc4 a6 14. Na3 Rd7 15. c3 dxc3 16. Rxc3 Rfd8 17. Qe2 Qb8 18. Rd1 Ba8 19. Rc2 b5 20. axb5 axb5 21. Rcd2 Na5 22. h3 Nxb3 23. Be5 Qb6 24. Rb2 c4 25. Nb1 Rxd3 26. Rxd3 Rxd3 27. Bf1 Nxe4 28. Ne1 Rd8 29. Qg4 f6 30. Nc3 Nxf2 31. Rxf2 Bc5 32. Bxf6 Bxf2+ 33. Kh2 Bg1# 0-1

[Event "Montreal CC-ch"]
[Site "Montreal CAN"]
[Date "2017.06.09"]
[Round "1.8"]
[White "Cloutier, Mathieu"]
[Black "Burnuk, Arno"]
[Result "1-0"]
[WhiteElo "2179"]
[BlackElo "1472"]
[WhiteFideId "-1"]
[WhiteFideId "-1"]
[PlyCount "77"]
[GameId "2160767908411174"]
[EventDate "2017.06.09"]
[EventType "swiss"]
[EventRounds "5"]
[EventCountry "CAN"]
[SourceTitle "EXT 2022"]
[Source "ChessBase"]
[SourceDate "2021.10.06"]
[SourceVersion "1"]
[SourceVersionDate "2021.10.06"]
[SourceQuality "1"]

1. e4 e5 2. Nf3 Nf6 3. Nxe5 d6 4. Nf3 Nxe4 5. d4 d5 6. Bd3 Bd6 7. O-O O-O 8. c4 c6 9. Nc3 Nxc3 10. bxc3 Bg4 11. h3 Bh5 12. Re1 Nd7 13. c5 Bc7 14. g4 Bg6 15. Bg5 Nf6 16. Ne5 Bxd3 17. Qxd3 Re8 18. Qf5 h6 19. Bh4 Qc8 20. Qf4 Bxe5 21. Rxe5 Rxe5 22. Qxe5 Ne4 23. f3 Nxc3 24. Qe3 Nb5 25. Re1 Qe6 26. Qd2 Qg6 27. Re7 b6 28. f4 Qb1+ 29. Re1 Qh7 30. Qe3 f5 31. Qe6+ Kh8 32. Qxc6 Rf8 33. Qxb5 fxg4 34. hxg4 g5 35. fxg5 hxg5 36. Bg3 Qh3 37. Be5+ Kg8 38. Qd7 Qxg4+ 39. Qxg4 1-0

[Event "Montreal CC-ch"]
[Site "Montreal CAN"]
[Date "2017.06.09"]
[Round "1.9"]
[White "Houde Billette, Felix"]
[Black "Libersan, Thierry"]
[Result "0-1"]
[WhiteElo "1440"]
[BlackElo "2162"]
[WhiteFideId "-1"]
[WhiteFideId "-1"]
[PlyCount "78"]
[GameId "2160767908411175"]
[EventDate "2017.06.09"]
[EventType "swiss"]
[EventRounds "5"]
[EventCountry "CAN"]
[SourceTitle "EXT 2022"]
[Source "ChessBase"]
[SourceDate "2021.10.06"]
[SourceVersion "1"]
[SourceVersionDate "2021.10.06"]
[SourceQuality "1"]

1. d4 d5 2. Bf4 c5 3. dxc5 Nc6 4. e3 e5 5. Bg3 Bxc5 6. c3 Nge7 7. Nf3 f6 8. h3 O-O 9. Be2 Be6 10. O-O a5 11. Qa4 Bd7 12. Bb5 Nf5 13. Bh2 Nd6 14. Bxc6 Bxc6 15. Qc2 a4 16. Nbd2 b5 17. a3 Nc4 18. Rad1 Qb6 19. Nxc4 bxc4 20. Rb1 Rf7 21. Bxe5 fxe5 22. Ng5 g6 23. Nxf7 Kxf7 24. Qe2 Kg7 25. Kh1 Re8 26. Qg4 Qb7 27. f4 exf4 28. exf4 Re4 29. Rbe1 Bd7 30. Qg3 Bf5 31. Qh4 Be7 32. Qf2 Bf6 33. g4 Rxe1 34. Qxe1 Be4+ 35. Kh2 Qxb2+ 36. Rf2 Qxc3 37. Qxc3 Bxc3 38. f5 Be5+ 39. Kg1 Bd4 0-1

[Event "Montreal CC-ch"]
[Site "Montreal CAN"]
[Date "2017.06.09"]
[Round "1.10"]
[White "Tremblay, Alain"]
[Black "Bercuvitz, Tani"]
[Result "1-0"]
[WhiteElo "2155"]
[BlackElo "1433"]
[WhiteFideId "-1"]
[WhiteFideId "-1"]
[PlyCount "97"]
[GameId "2160767908411176"]
[EventDate "2017.06.09"]
[EventType "swiss"]
[EventRounds "5"]
[EventCountry "CAN"]
[SourceTitle "EXT 2022"]
[Source "ChessBase"]
[SourceDate "2021.10.06"]
[SourceVersion "1"]
[SourceVersionDate "2021.10.06"]
[SourceQuality "1"]

1. d4 d5 2. c4 e6 3. Nc3 Nf6 4. Bg5 Be7 5. cxd5 exd5 6. e3 O-O 7. Bd3 h6 8. Bh4 Nc6 9. Nf3 Bg4 10. h3 Bh5 11. g4 Bg6 12. Bxg6 fxg6 13. Qb3 Rb8 14. Bxf6 Rxf6 15. Nxd5 Rxf3 16. Nxe7+ Kh7 17. Qd5 Rf6 18. Qxd8 Rxd8 19. Nxc6 Rxc6 20. Kd2 Rf6 21. Ke2 Rdf8 22. Rh2 g5 23. Rc1 R8f7 24. Rc5 b6 25. Rc2 Re6 26. h4 gxh4 27. Rxh4 Ree7 28. Rc6 Rf4 29. Kf1 Rfe4 30. Kg2 R4e6 31. Rxe6 Rxe6 32. d5 Re5 33. Rh5 Rg5 34. Rxg5 hxg5 35. Kf3 Kg6 36. Ke4 Kf6 37. Kd4 a6 38. f3 a5 39. a4 g6 40. b3 Ke7 41. Ke5 Kf7 42. e4 Ke7 43. Kd4 Kd6 44. e5+ Ke7 45. Kc4 Kd7 46. Kb5 Kc8 47. Kc6 Kd8 48. e6 Ke7 49. Kxc7 1-0

[Event "Montreal CC-ch"]
[Site "Montreal CAN"]
[Date "2017.06.09"]
[Round "1.11"]
[White "Tesar, Mathias"]
[Black "Singher, Jean-Pierre"]
[Result "0-1"]
[WhiteElo "1422"]
[BlackElo "2095"]
[WhiteFideId "-1"]
[WhiteFideId "-1"]
[PlyCount "68"]
[GameId "2160767908411177"]
[EventDate "2017.06.09"]
[EventType "swiss"]
[EventRounds "5"]
[EventCountry "CAN"]
[SourceTitle "EXT 2022"]
[Source "ChessBase"]
[SourceDate "2021.10.06"]
[SourceVersion "1"]
[SourceVersionDate "2021.10.06"]
[SourceQuality "1"]

1. d4 Nf6 2. Bf4 d5 3. e3 c5 4. c3 Nc6 5. Bd3 e6 6. Nf3 Bd6 7. Bg3 Qe7 8. Ne5 Bxe5 9. dxe5 Nd7 10. f4 c4 11. Bc2 Qc5 12. Bf2 Qe7 13. Qh5 Nc5 14. Bh4 Qc7 15. O-O Ne7 16. Nd2 Nf5 17. Bxf5 exf5 18. Rfd1 Be6 19. Nf3 h6 20. Nd4 g6 21. Nxe6 Nxe6 22. Qf3 g5 23. Bg3 O-O-O 24. Rxd5 Rxd5 25. Qxd5 Rd8 26. Qf3 g4 27. Qe2 Rd3 28. Rd1 Qd7 29. Rxd3 cxd3 30. Qd2 Nc5 31. Be1 Ne4 32. Qd1 d2 33. Bf2 Qb5 34. Qc2 Qxb2 0-1